PRINCIPLES OF MANAGEMENT (Record no. 9441)
[ view plain ]
| 000 -LEADER | |
|---|---|
| fixed length control field | 01025nam a22001577a 4500 |
| 003 - CONTROL NUMBER IDENTIFIER | |
| control field | SGT |
| 020 ## - INTERNATIONAL STANDARD BOOK NUMBER | |
| International Standard Book Number | 9788180522758 |
| 082 ## - DEWEY DECIMAL CLASSIFICATION NUMBER | |
| Classification number | 658,MOS |
| 100 ## - MAIN ENTRY--PERSONAL NAME | |
| Personal name | MOSHAL B.S. |
| 245 ## - TITLE STATEMENT | |
| Title | PRINCIPLES OF MANAGEMENT |
| 260 ## - PUBLICATION, DISTRIBUTION, ETC. (IMPRINT) | |
| Place of publication, distribution, etc | NEW DELHI |
| Name of publisher, distributor, etc | ANE BOOKS |
| Year of Publication | 2009 |
| 300 ## - PAGE DESCRIPTION | |
| No. of Pages | 548 |
| 650 ## - SUBJECT ADDED ENTRY--TOPICAL TERM | |
| Topical term or geographic name as entry element | MANAGEMENT |
| 653 ## - KEYWORDS--INDEX TERM | |
| Keyword term | CONCEPTUAL FRAMEWORK OF MANAGEMENT, MANAGEMENT PROCESS, ROLES AND FUNCTIONAL AREAS, ORGANISATION AND MANAGEMENT: HISTORICAL PERSPECTIVE, PLANNING FUNCTION OF MANAGEMENT, PLANS: TYPES AND TECHNIQUES, BUSINESS POLICY AND STRATEGY FORMULATION, DECISION MAKING IN AN ORGANISATION, ORGANISATIONAL DESIGN AND PROCESS, HORIZONTAL DIMENSION: DEPARTMENTALISATION, VERTICAL DIMENSION: AUTHORITY AND ITS DELEGATION, ORGANISATIONAL STRUCTURES, MOTIVATING PEOPLE AT WORK, LEADERSHIP IN AN ORGANISATION, COMMUNICATION NETWORK IN AN ORGANISATION, CONTROLLING PROCESS IN AN ORGANISATION, CONTROLLING TECHNIQUES AND COORDINATION, MANAGEMENT OF ORGANISATIONAL CHANGE AND DEVELOPMENT, MANAGEMENT CASE STUDY METHOD. |
| 942 ## - ADDED ENTRY ELEMENTS (KOHA) | |
| Source of classification or shelving scheme | Dewey Decimal Classification |
| Koha item type | FCM Books |
| Withdrawn status | Lost status | Source of classification or shelving scheme | Damaged status | Not for loan | Collection code | Home library | Current library | Shelving location | Date acquired | Vendor Name | Cost, normal purchase price | SGTU | Full call number | Accession No. (Barcode) | Date last seen | Bill Date | Koha item type |
|---|---|---|---|---|---|---|---|---|---|---|---|---|---|---|---|---|---|
| Dewey Decimal Classification | Not For Loan | COMMERCE MANAGEMENT | SGT Science & Social Sciences Library | SGT Science & Social Sciences Library | Reference Book | 04/07/2016 | DONATE BY DR.SINGH PVC SGT UNIVERSITY | 295.00 | SGTU | 658,MOS | CM263 | 04/07/2016 | 04/07/2016 | FCM Books |